[Event "AUTO-OPEN-3261"]
[Site "http://www.queenalice.com/game.php?id=1284709"]
[Date "2014.5.29"]
[Round "1"]
[White "Rossinante"]
[Black "HUGO_ARGENTINO"]
[Result "1-0"]
[WhiteElo "1312"]
[BlackElo "1454"]

1. Nf3 Nh6 2. d4 e6 3. a3 Nf5 4. h3 Nc6 5. Bf4 Qf6 6. e3 d5 7. c4 dxc4 8. Bxc4
g5 9. Bxg5 Qg6 10. O-O h6 11. Bf4 Rg8 12. g4 h5 13. Nh2 Bd6 14. Bxd6 cxd6 15.
Bd3 hxg4 16. Nxg4 Nh6 17. Bxg6 Nxg4 18. Bxf7+ Kxf7 19. hxg4 Rxg4+ 20. Qxg4 e5
21. Qh5+ Kg7 22. dxe5 dxe5 23. f3 Be6 24. Kf2 Bd5 25. Rg1+ Kf6 26. Rg6+ Kf7 27.
Rxc6+ Ke7 28. Qxe5+ Kf7 29. Rf6+ Kg7 30. Qg5+ 1-0

[Event "AUTO-INT-2863"]
[Site "http://www.queenalice.com/game.php?id=1285766"]
[Date "2014.6.3"]
[Round "1"]
[White "leking"]
[Black "HUGO_ARGENTINO"]
[Result "1-0"]
[WhiteElo "1641"]
[BlackElo "1414"]

1. e4 e5 2. Nf3 f6 3. d4 Nc6 4. d5 Nb8 5. Nc3 Bb4 6. Bd2 Nh6 7. a3 Bxc3 8. Bxc3
Ng4 9. Be2 d6 10. O-O h5 11. h3 Nh6 12. Bd2 c5 13. Bxh6 gxh6 14. Qd2 f5 15. exf5
Bxf5 16. Rad1 Rg8 17. Bb5+ Bd7 18. Bxd7+ Qxd7 19. Qxh6 Qf5 20. Qxd6 Qxc2 21.
Qe6+ Kf8 22. Nxe5 Qh7 23. d6 Nc6 24. d7 Rd8 25. Rd3 Nxe5 26. Rb3 Rxd7 27. Re1
Qg7 28. Rg3 Qh7 29. Qxe5 Rxg3 30. Qf4+ Rf7 31. Qxg3 Qc2 32. Rf1 Qxb2 33. Rd1 Qe2
34. Rf1 c4 35. Qc3 Qe4 36. Qb4+ Kg8 37. Re1 Qg6 38. Qxc4 Qf6 39. Rf1 Qg6 40. Re1
Kh7 41. Qd4 Rg7 42. g3 h4 43. Qxh4+ Kg8 44. Qd8+ Kh7 45. h4 a5 46. Kh2 Qb6 47.
Qd2 a4 48. Re2 Qb3 49. Re3 Qf7 50. Kg2 1-0

[Event "AUTO-INT-2863"]
[Site "http://www.queenalice.com/game.php?id=1285767"]
[Date "2014.6.3"]
[Round "1"]
[White "HUGO_ARGENTINO"]
[Black "leking"]
[Result "0-1"]
[WhiteElo "1479"]
[BlackElo "1546"]

1. d4 d5 2. c3 Nc6 3. Bf4 Nf6 4. Qa4 Bd7 5. e3 e6 6. Qb5 Rb8 7. Qa4 Ne7 8. Qxa7
Nc6 9. Qa4 Ne7 10. Qc2 Nc6 11. Na3 Bxa3 12. bxa3 O-O 13. g4 Nxg4 14. f3 Nf6 15.
Bd3 Re8 16. Bg5 h6 17. Bh7+ Kh8 18. Bxf6 Qxf6 19. Nh3 g6 20. Bxg6 Qxg6 21. Qf2
e5 22. dxe5 Nxe5 23. Rg1 Qd3 24. Rc1 Nc4 25. Nf4 Rxe3+ 26. Qe2 Rxe2+ 27. Nxe2
Re8 28. Rg2 Bh3 29. Rg3 Qxe2# 0-1

[Event "AUTO-INT-2863"]
[Site "http://www.queenalice.com/game.php?id=1285782"]
[Date "2014.6.3"]
[Round "1"]
[White "HUGO_ARGENTINO"]
[Black "Narizinho"]
[Result "1-0"]
[WhiteElo "1447"]
[BlackElo "1375"]

1. e4 e5 2. Nf3 Nf6 3. Nxe5 Nxe4 4. d3 Nd6 5. Qf3 Be7 6. c4 O-O 7. Qg3 Nc6 8.
Bh6 Nf5 9. Qf4 d6 10. Nxc6 bxc6 11. Bxg7 Re8 12. Bc3 d5 13. Qg4+ Kf8 14. Qh5
dxc4 15. Qxh7 f6 16. g4 Nd6 17. g5 fxg5 18. Qg7# 1-0

[Event "AUTO-INT-2863"]
[Site "http://www.queenalice.com/game.php?id=1285783"]
[Date "2014.6.3"]
[Round "1"]
[White "Narizinho"]
[Black "HUGO_ARGENTINO"]
[Result "1-0"]
[WhiteElo "1416"]
[BlackElo "1474"]

1. e4 e5 2. Nf3 d6 3. Bb5+ c6 4. Be2 Bg4 5. O-O Qf6 6. Nc3 b5 7. d3 Na6 8. a3 g6
9. b3 h5 10. Bg5 Qe6 11. a4 b4 12. Nb1 f6 13. Bd2 c5 14. a5 Qd7 15. Be3 Bh6 16.
d4 cxd4 17. Bd2 Qc6 18. Bxh6 Rxh6 19. c4 Ne7 20. Nbd2 f5 21. exf5 gxf5 22. Ng5
h4 23. Ngf3 1-0

[Event "AUTO-INT-2863"]
[Site "http://www.queenalice.com/game.php?id=1285784"]
[Date "2014.6.3"]
[Round "1"]
[White "HUGO_ARGENTINO"]
[Black "Rossinante"]
[Result "1-0"]
[WhiteElo "1432"]
[BlackElo "1302"]

1. d4 d5 2. c3 Nf6 3. Nf3 h6 4. a3 Bf5 5. h3 e6 6. e3 a6 7. g4 Bh7 8. b4 b5 9.
a4 c6 10. Na3 Nbd7 11. axb5 axb5 12. Rb1 Bxb1 13. Nxb1 Be7 14. Qb3 O-O 15. Qc2
Ne4 16. Ne5 Nxe5 17. Bd3 Nxd3+ 18. Qxd3 Bh4 19. Rg1 1-0

[Event "AUTO-INT-2863"]
[Site "http://www.queenalice.com/game.php?id=1285785"]
[Date "2014.6.3"]
[Round "1"]
[White "Rossinante"]
[Black "HUGO_ARGENTINO"]
[Result "0-1"]
[WhiteElo "1302"]
[BlackElo "1417"]

1. Nf3 e6 2. d4 d5 3. a3 Nf6 4. h3 Ne4 5. Bf4 g5 6. Bxg5 Nxg5 7. Nxg5 Qxg5 8. e3
e5 9. dxe5 Qxe5 10. c3 Bc5 11. Nd2 Bxe3 12. fxe3 Qxe3+ 13. Qe2 Qxe2+ 14. Bxe2
Rg8 15. g4 Nd7 16. O-O-O Rg6 17. Rhe1 Nc5 0-1

[Event "AUTO-OPEN-3265"]
[Site "http://www.queenalice.com/game.php?id=1285905"]
[Date "2014.6.4"]
[Round "1"]
[White "Adrianovlg"]
[Black "HUGO_ARGENTINO"]
[Result "1-0"]
[WhiteElo "2280"]
[BlackElo "1471"]

1. e4 Nf6 2. d4 Nxe4 3. Bd3 Nf6 4. Nf3 e6 5. O-O Ng4 6. Nbd2 Qf6 7. Ne4 Qf5 8.
Nd6+ cxd6 9. Bxf5 exf5 10. Re1+ Kd8 11. Ng5 Nh6 12. Qe2 f6 13. Qe8+ Kc7 14. Nxh7
Rxh7 15. Qxf8 Ng4 16. Bf4 g5 17. Qxd6+ Kd8 18. Qc7# 1-0

[Event "AUTO-OPEN-3265"]
[Site "http://www.queenalice.com/game.php?id=1285906"]
[Date "2014.6.4"]
[Round "1"]
[White "HUGO_ARGENTINO"]
[Black "Adrianovlg"]
[Result "0-1"]
[WhiteElo "1481"]
[BlackElo "2282"]

1. e4 c5 2. c4 Nc6 3. b3 Nf6 4. f3 g6 5. d3 Bg7 6. Bb2 O-O 7. e5 Nh5 8. g4 Nf4
9. Nh3 Nxh3 10. Bxh3 Nxe5 11. d4 Nc6 12. dxc5 Bxb2 13. Nd2 Bxa1 14. Qxa1 Qa5 15.
g5 Qxc5 16. Ne4 Qe3+ 17. Kd1 Qxf3+ 18. Kc2 Qxe4+ 19. Kb2 Qe2+ 20. Ka3 Qf3 21.
Bf1 Qxh1 0-1

[Event "AUTO-OPEN-3265"]
[Site "http://www.queenalice.com/game.php?id=1285935"]
[Date "2014.6.4"]
[Round "1"]
[White "HUGO_ARGENTINO"]
[Black "puddschini"]
[Result "0-1"]
[WhiteElo "1485"]
[BlackElo "2524"]

1. Nc3 d5 2. e4 d4 3. Nb1 e5 4. d3 c5 5. c4 Nc6 6. Qb3 Nf6 7. Bg5 Be7 8. h4 Ng4
9. f3 Bxg5 10. hxg5 Ne3 11. Nh3 Nb4 12. Qa4+ Bd7 13. Qb3 Nbc2+ 14. Kf2 Nxa1 15.
Qxb7 Rb8 16. Qd5 Rxb2+ 17. Kg1 Nxd5 0-1

[Event "AUTO-OPEN-3265"]
[Site "http://www.queenalice.com/game.php?id=1285937"]
[Date "2014.6.4"]
[Round "1"]
[White "HUGO_ARGENTINO"]
[Black "JailtonMaster"]
[Result "0-1"]
[WhiteElo "1460"]
[BlackElo "2102"]

1. Nc3 Nf6 2. e3 g6 3. d4 Bg7 4. e4 d6 5. d5 O-O 6. Bg5 e5 7. f3 c6 8. b3 Re8 9.
Bc4 a6 10. dxc6 bxc6 11. Nh3 Bxh3 12. gxh3 h6 13. Bxf6 Qxf6 14. a4 Qh4+ 15. Ke2
d5 16. exd5 e4 17. fxe4 Bxc3 18. Rc1 Rxe4+ 19. Kd3 Qxh3+ 20. Kxe4 f5+ 21. Kf4
g5# 0-1

[Event "AUTO-OPEN-3265"]
[Site "http://www.queenalice.com/game.php?id=1285938"]
[Date "2014.6.4"]
[Round "1"]
[White "JailtonMaster"]
[Black "HUGO_ARGENTINO"]
[Result "1-0"]
[WhiteElo "2149"]
[BlackElo "1466"]

1. e4 e5 2. Nf3 d6 3. d4 exd4 4. Nxd4 Qe7 5. Nc3 c5 6. Nb3 Qh4 7. Be3 Bg4 8. Qd5
Bc8 9. Nb5 Qh6 10. Bxh6 Be6 11. Qxb7 a6 12. Nc7+ Kd7 13. Nxc5+ Ke7 14. Bg5+ 1-0

[Event "AUTO-INT-2870"]
[Site "http://www.queenalice.com/game.php?id=1289200"]
[Date "2014.6.19"]
[Round "1"]
[White "TITAN10"]
[Black "HUGO_ARGENTINO"]
[Result "1-0"]
[WhiteElo "1777"]
[BlackElo "1478"]

1. e4 e5 2. Nf3 d6 3. h3 f6 4. Bc4 c5 5. c3 b6 6. d4 Ba6 7. Bxa6 Nxa6 8. Qe2 Qc8
9. dxe5 dxe5 10. O-O h5 11. Rd1 1-0

[Event "AUTO-INT-2870"]
[Site "http://www.queenalice.com/game.php?id=1289201"]
[Date "2014.6.19"]
[Round "1"]
[White "HUGO_ARGENTINO"]
[Black "TITAN10"]
[Result "0-1"]
[WhiteElo "1483"]
[BlackElo "1770"]

1. e4 c5 2. c4 d6 3. Qa4+ Nc6 4. Nc3 e6 5. Nb5 a6 6. Nc3 Nf6 7. Nf3 Bd7 8. d3
Nd4 9. Nxd4 Bxa4 10. Nxa4 cxd4 0-1